| 000 | 02259nam a2200385 a 4500 | ||
|---|---|---|---|
| 001 | ebr10419794 | ||
| 003 | CaPaEBR | ||
| 006 | m u | ||
| 007 | cr cn||||||||| | ||
| 008 | 091202s2010 ne sb 001 0 eng | ||
| 010 | _z 2009050330 | ||
| 015 |
_aGBB037940 _2bnb |
||
| 016 | 7 |
_z015506247 _2Uk |
|
| 020 | _z9789004181694 (hbk. : alk. paper) | ||
| 020 | _z9004181695 (hbk. : alk. paper) | ||
| 040 |
_aCaPaEBR _cCaPaEBR |
||
| 035 | _a(OCoLC)667291624 | ||
| 050 | 1 | 4 |
_aK3171 _b.R8483 2010eb |
| 082 | 0 | 4 |
_a340/.11 _222 |
| 245 | 0 | 0 |
_aRule of law and democracy _h[electronic resource] : _binquiries into internal and external issues / _cedited by Leonardo Morlino and Gianluigi Palombella. |
| 260 |
_aLeiden ; _aBoston : _bBrill, _c2010. |
||
| 300 | _axi, 215 p. | ||
| 490 | 1 |
_aInternational studies in sociology and social anthropology ; _vv. 115 |
|
| 504 | _aIncludes bibliographical references and index. | ||
| 505 | 0 | 0 | _aThe rule of law as an institutional ideal / Gianluigi Palombella -- The two "rules of law" between transition to and quality of democracy / Leonardo Morlino -- Beyond judicial independence : rule of law and judicial accountabilities in assessing democratic quality / Daniela Piana -- The end of the democratic transition? : analyzing the quality of democracy model in post-communism / Monica Ciobanu -- Constitutionalizing governing and governance in Europe / Poul F. Kjaer -- The Rechtsstaat and social Europe : how a classical tension resurfaces in the European integration process / Christian Joerges -- How (il)liberal is the liberal theory of law? : some critical remarks on Slaughter's approach / Friedrich Kratochwil. |
| 533 |
_aElectronic reproduction. _bPalo Alto, Calif. : _cebrary, _d2013. _nAvailable via World Wide Web. _nAccess may be limited to ebrary affiliated libraries. |
||
| 650 | 0 | _aRule of law. | |
| 650 | 0 | _aDemocracy. | |
| 655 | 7 |
_aElectronic books. _2local |
|
| 700 | 1 |
_aMorlino, Leonardo, _d1947- |
|
| 700 | 1 | _aPalombella, Gianluigi. | |
| 710 | 2 | _aebrary, Inc. | |
| 830 | 0 |
_aInternational studies in sociology and social anthropology ; _vv. 115. |
|
| 856 | 4 | 0 |
_uhttp://site.ebrary.com/lib/rucke/Doc?id=10419794 _zAn electronic book accessible through the World Wide Web; click to view |
| 999 |
_c185973 _d185973 |
||